Sports Quiz

Random Sports Quiz

Oakland Athletics and SF Giants Quiz Stats

 Plays Quiz not verified by Sporcle

Score 0/68 Timer 15:00
0 Plays Today
Years of Athletics/Giants service Player % Correct
2000-2006/2007-Barry Zito
70.3%
1969-1977/1978-1981, 1985-1986Vida Blue
65.4%
1976/1959-1973, 1977-1980Willie McCovey
51.7%
2008-/2007-2008Rajai Davis
49.1%
1988-1993/1987Dave Henderson
42%
1972/1960-1965Matty Alou
41.3%
1970-1971/1958-1963Felipe Alou
40.9%
1973-1974/1963-1968Jesus Alou
40.9%
1984/1981-1982Joe Morgan
34.2%
1984-1986/1971-1974Dave Kingman
32.3%
1985-1986/1984Dusty Baker
32%
1986-1990, 1994-1995/1996-1999Stan Javier
31.6%
1979-1982/1983Brian Kingman
30.9%
2002/2003-2008Ray Durham
29.4%
1990/1991-1995Darren Lewis
29%
1973-1978/1979-1981Billy North
27.9%
2006/2005Doug Clark
27.1%
1972/1958-1966Orlando Cepeda
24.5%
1991/1988-1990Ernest Riles
24.5%
1972/1965-1968Ollie Brown
24.2%
1998/1987-1991Kevin Mitchell
23.8%
1993-1995/1986-1988Mike Aldrete
23.4%
1990/1991-1994Willie McGee
23.4%
1987/1975-1985Johnnie LeMaster
18.2%
1978/1975-1977Gary Alexander
16.7%
1986-1987/1990Rick Rodriguez
16%
1992-1993/1986-1992Kelly Downs
15.2%
1978/1965-1974Tito Fuentes
14.5%
1977-1978/1976Marty Perez
13.4%
1978/1972-1977Gary Thomasson
13.4%
1973-1974/1984-1985Manny Trillo
13%
1987/1974-1984Gary Lavelle
12.3%
2003/2010Jose Guillen
11.5%
1997/1998-1999Brent Mayne
11.5%
Years of Athletics/Giants service Player % Correct
1992-1993/1989Goose Gossage
11.2%
1987/1984Alejandro Sanchez
10%
1986/1989-1990Bill Bathe
9.7%
2001/1999F. P. Santangelo
9.7%
1978-1979, 1981/1975-1977Dave Heaverlo
8.9%
1997/1997-2000John Johnstone
8.2%
1990/1993Scott Sanderson
7.8%
2005/2003Alberto Castillo
7.4%
1998-2001/1991-1992Gil Heredia
7.4%
2007-2008/1999-2001Alan Embree
7.1%
1994/1991-1993Dave Righetti
7.1%
1973-1976/1988Phil Garner
6.7%
2003, 2008/1997Keith Foulke
6.3%
1992/1990-1991Mike Kingery
6.3%
1996-1998, 2005-2006/2002Jay Witasick
5.9%
2000/1995Scott Service
5.6%
1998-1999/2001-2003, 2006Tim Worrell
5.6%
2009/2004-2005Brett Tomko
4.8%
1981-1983/1979Bob Kearney
4.1%
2005/2008Keiichi Yabu
4.1%
1978/1972-1974Elias Sosa
3.7%
1977-1978/1979Joe Coleman
3%
1974/1982-1983Champ Summers
2.6%
1980/1977Randy Elliott
2.2%
1977-1980/1984Bob Lacey
2.2%
1980/1989-1990Ernie Camacho
1.9%
2003/1995-1996David McCarty
1.5%
1982/1973-1976John D'Acquisto
1.1%
1983/1986Luis Quinones
1.1%
1994/1990Ed Vosberg
1.1%
1988/1989Ed Jurak
0.7%
1991/1990Brad Komminsk
0.7%
1984/1988Lary Sorenson
0.4%
1986/1988Rusty Tillman
0.4%

You're not logged in!

Compare scores with friends on all Sporcle quizzes.
OR
Log In

Show Comments

Extras

Top Quizzes Today


Score Distribution

Your Account Isn't Verified!

In order to create a playlist on Sporcle, you need to verify the email address you used during registration. Go to your Sporcle Settings to finish the process.

Report this User

Report this user for behavior that violates our Community Guidelines.

Details: